Sports Quiz

Random Sports or University Quiz
Score 0/20 Timer 07:00
2 Plays Today
Hint Answer % Correct
StateNorth Carolina
98.2%
Team ColorWhite
93.6%
NicknameTar Heels
93.3%
ConferenceACC
90.6%
Team ColorBlue
87.3%
Famous Alum: SG Michael _____Jordan
85.2%
Primary RivalDuke
82.9%
No. of Men's Varsity Sports12
77.5%
No. of Women's Varsity Sports14
77.1%
Primary RivalNorth Carolina State
74.8%
Hint Answer % Correct
CityChapel Hill
73.6%
Famous Alum: F _____ HammMia
66.9%
Basketball ArenaDean E. Smith Center
56.3%
Sport w/ most NCAA ChampionshipsWomen's Soccer (21)
54.2%
Football StadiumKenan Memorial Stadium
21.6%
MascotRameses
18.1%
Athletic DirectorBubba Cunningham
14.4%
Baseball StadiumBryson Field
11.9%
Fight SongI'm a Tar Heel Born
7.6%
Fight SongHere Comes Carolina
6.1%
Remove Ads.
Support Sporcle.
Get the best of Sporcle when you Go Orange. This ad-free experience offers more features, more stats, and more fun while also helping to support Sporcle. Thank you for becoming a member.

You're not logged in!

Compare scores with friends on all Sporcle quizzes.
OR
Log In

Show Comments

Extras

Top Quizzes Today


Score Distribution

Your Account Isn't Verified!

In order to create a playlist on Sporcle, you need to verify the email address you used during registration. Go to your Sporcle Settings to finish the process.

Report this User

Report this user for behavior that violates our Community Guidelines.

Details: